Statistics for JoJo's Bizarre Adventure characters and stands

Click here to take the quiz!

General Stats

  • This quiz has been taken 4,028 times
  • The average score is 11 of 15

Answer Stats

Hint Answer % Correct
User of the stand "Star Platinum"Jotaro Kujo
99%
Rejected his humanityDio Brando
99%
Don't insult his hairJosuke Higashikita
88%
Dreams of becoming a gang starGiorno Giovanni
85%
Just wants a quiet lifeKira Yoshikage
81%
Crushed by a rock, his power is bubblesCaesar Zeppeli
78%
Crippled french tortoiseJean Pierre Polnareff
78%
A horse riding dinosaurDiego Brando
71%
Lame Jockey who walks againJohnny Joestar
71%
User scared of 4Guido Mista
69%
He's got balls of steelGyro Zeppeli
66%
His stand turns people into books, which can be manipulatedRohan Kishibe
66%
The stand that created a new worldMade in Heaven
57%
The stand that activates upon it's users deathNotorious B.I.G
48%
The last vampire createdVanilla Ice
42%

Score Distribution

Percentile by Number Answered

Percent of People with Each Score

Your Score History

You have not taken this quiz